Library Banner

Lehninger principles of biochemistry / (Record no. 52615)

MARC details
000 -LEADER
fixed length control field 00579nam a2200217Ia 4500
001 - CONTROL NUMBER
control field 55263
005 - DATE AND TIME OF LATEST TRANSACTION
control field 20221008084950.0
008 - FIXED-LENGTH DATA ELEMENTS--GENERAL INFORMATION
fixed length control field 140505s9999 xx 000 0 und d
020 ## - INTERNATIONAL STANDARD BOOK NUMBER
International Standard Book Number 9781464109621
040 ## - CATALOGING SOURCE
Transcribing agency PK-LaUMT
082 ## - DEWEY DECIMAL CLASSIFICATION NUMBER
Classification number 612.1111
Item number NEL-L
100 ## - MAIN ENTRY--PERSONAL NAME
Personal name Nelson, David L.
245 ## - TITLE STATEMENT
Title Lehninger principles of biochemistry /
Statement of responsibility, etc by David L. Nelson and Michael M. Cox
250 ## - EDITION STATEMENT
Edition statement 6th ed
260 ## - PUBLICATION, DISTRIBUTION, ETC. (IMPRINT)
Place of publication, distribution, etc New York,USA:
Name of publisher, distributor, etc W. H. Freeman and Company,
Date of publication, distribution, etc 2013
300 ## - PHYSICAL DESCRIPTION
Extent 1198 p.
546 ## - LANGUAGE NOTE
Language note EN
650 ## - SUBJECT ADDED ENTRY--TOPICAL TERM
Topical term or geographic name as entry element Biochemistry
700 ## - ADDED ENTRY--PERSONAL NAME
Personal name Cox, Michael M.
942 ## - ADDED ENTRY ELEMENTS (KOHA)
Koha item type Books
Holdings
Withdrawn status Lost status Damaged status Home library Current library Date acquired Full call number Barcode Date last seen Price effective from Koha item type Copy number
      UMT Health Sciences Campus UMT Health Sciences Campus 2014-05-05 612.1111 NEL-L 64885 2017-03-14 2014-05-08 Books  
      UMT Main Campus UMT Main Campus 2020-10-14 612.1111 NEL-L 135499 2026-04-01 2020-10-14 Books C.2